Southville International School and Colleges
Your cart is empty.
  • Cart
  • Lists
    Public lists Eva Luna New books Lux_list list_1
    Your lists Log in to create your own lists
  • Log in to your account
  • Your cookies
  • Search history
Southville International School and Colleges
  • Advanced search
  • Recent comments
  • Most popular
  • Libraries

Log in to your account

Log in with GOOGLE


If you do not have an external account, but do have a local account, you can still log in:

  1. Home
  2. MARC view: John Stuart Mill; His Life and Works :
Normal view MARC view ISBD view

John Stuart Mill; His Life and Works : (Record no. 244523)

[ view plain ]
MARC details
000 -LEADER
fixed length control field 01897cam a22003733a 4500
001 - CONTROL NUMBER
control field 15268
003 - CONTROL NUMBER IDENTIFIER
control field PGUSA
005 - DATE AND TIME OF LATEST TRANSACTION
control field 20140828083328.0
008 - FIXED-LENGTH DATA ELEMENTS--GENERAL INFORMATION
fixed length control field 050306s2005||||xxu|||||s|||||000 | eng d
040 ## - CATALOGING SOURCE
Original cataloging agency PGUSA
Language of cataloging eng
042 ## - AUTHENTICATION CODE
Authentication code dc
050 #4 - LIBRARY OF CONGRESS CALL NUMBER
Classification number B
245 10 - TITLE STATEMENT
Title John Stuart Mill; His Life and Works :
Remainder of title Twelve Sketches by Herbert Spencer, Henry Fawcett, Frederic Harrison, and Other Distinguished Authors
Medium [electronic resource]
260 ## - PUBLICATION, DISTRIBUTION, ETC. (IMPRINT)
Name of publisher, distributor, etc Project Gutenberg,
Date of publication, distribution, etc 2005
505 0# - FORMATTED CONTENTS NOTE
Formatted contents note A sketch of his life / H.R. Fox Bourne -- His career in the India House / W.T. Thornton -- His moral character / Herbert Spencer -- His botanical studies / Henry Trimen -- His place as a critic / W. Minto -- His work in philosophy / J.H. Levy -- His studies in morals and jurisprudence / W.A. Hunter -- His work in political economy / J.E. Cairnes -- His influence at the universities / Henry Fawcett -- His influence as a practical politician / Milicent Garrett Fawcett -- His relation to positivism / Frederic Harrison -- His position as a philosopher / W.A. Hunter.
506 ## - RESTRICTIONS ON ACCESS NOTE
Terms governing access Public domain in the USA.
516 ## - TYPE OF COMPUTER FILE OR DATA NOTE
Type of computer file or data note Electronic text
653 ## - INDEX TERM--UNCONTROLLED
Uncontrolled term Mill, John Stuart, 1806-1873
653 ## - INDEX TERM--UNCONTROLLED
Uncontrolled term Philosophers -- Great Britain -- Biography
700 1# - ADDED ENTRY--PERSONAL NAME
Personal name Fawcett, Millicent Garrett, Dame,
Dates associated with a name 1847-1929
700 1# - ADDED ENTRY--PERSONAL NAME
Personal name Trimen, Henry,
Dates associated with a name 1843-1896
700 1# - ADDED ENTRY--PERSONAL NAME
Personal name Levy, J. H.
Fuller form of name (Joseph Hiam),
Dates associated with a name 1838-1913
700 1# - ADDED ENTRY--PERSONAL NAME
Personal name Bourne, H. R. Fox
Fuller form of name (Henry Richard Fox),
Dates associated with a name 1837-1909
700 1# - ADDED ENTRY--PERSONAL NAME
Personal name Hunter, William Alexander,
Dates associated with a name 1844-1898
700 1# - ADDED ENTRY--PERSONAL NAME
Personal name Spencer, Herbert,
Dates associated with a name 1820-1903
700 1# - ADDED ENTRY--PERSONAL NAME
Personal name Fawcett, Henry,
Dates associated with a name 1833-1884
700 1# - ADDED ENTRY--PERSONAL NAME
Personal name Harrison, Frederic,
Dates associated with a name 1831-1923
700 1# - ADDED ENTRY--PERSONAL NAME
Personal name Minto, William,
Dates associated with a name 1845-1893
700 1# - ADDED ENTRY--PERSONAL NAME
Personal name Thornton, William Thomas,
Dates associated with a name 1813-1880
700 1# - ADDED ENTRY--PERSONAL NAME
Personal name Cairnes, John Elliot,
Dates associated with a name 1823-1875
830 #0 - SERIES ADDED ENTRY--UNIFORM TITLE
Uniform title Project Gutenberg
Volume number/sequential designation 15268
856 40 - ELECTRONIC LOCATION AND ACCESS
Uniform Resource Identifier <a href="http://www.gutenberg.org/ebooks/15268">http://www.gutenberg.org/ebooks/15268</a>
942 ## - ADDED ENTRY ELEMENTS (KOHA)
Koha item type eBooks
Holdings
Withdrawn status Lost status Damaged status Home library Current library Date acquired Total Checkouts Date last seen Price effective from Koha item type
      Project Gutenberg Project Gutenberg 08/28/2014   08/28/2014 08/28/2014 eBooks

John Stuart Mill; His Life and Works :

APA

Fawcett M. G. D., Trimen H., Levy J. H., Bourne H. R. F., Hunter W. A., Spencer H., Fawcett H., Harrison F., Minto W., Thornton W. T. & Cairnes J. E. (2005). John Stuart Mill; His Life and Works. : Project Gutenberg.

Chicago

Fawcett Millicent Garrett Dame, Trimen Henry, Levy J H, Bourne H R Fox, Hunter William Alexander, Spencer Herbert, Fawcett Henry, Harrison Frederic, Minto William, Thornton William Thomas and Cairnes John Elliot. 2005. John Stuart Mill; His Life and Works. : Project Gutenberg.

Harvard

Fawcett M. G. D., Trimen H., Levy J. H., Bourne H. R. F., Hunter W. A., Spencer H., Fawcett H., Harrison F., Minto W., Thornton W. T. and Cairnes J. E. (2005). John Stuart Mill; His Life and Works. : Project Gutenberg.

MLA

Fawcett Millicent Garrett Dame, Trimen Henry, Levy J H, Bourne H R Fox, Hunter William Alexander, Spencer Herbert, Fawcett Henry, Harrison Frederic, Minto William, Thornton William Thomas and Cairnes John Elliot. John Stuart Mill; His Life and Works. : Project Gutenberg. 2005.

  • Place hold
  • Print
  • Cite
  • Add to your cart (remove)
  • Save record
    BIBTEX Dublin Core MARCXML MARC (non-Unicode/MARC-8) MARC (Unicode/UTF-8) MARC (Unicode/UTF-8, Standard) MODS (XML) RIS
  • More searches
    Search for this title in:
    Other Libraries (WorldCat) Other Databases (Google Scholar) Online Stores (Bookfinder.com) Open Library (openlibrary.org)

Exporting to Dublin Core...

SOUTHVILLE LIBRARY

Southville International School and Colleges Library

1281 Tropical Ave. Cor. Luxembourg St., BF Homes International, Las Pinas City

Tel. No. 8256374 / 252358 Loc. 117/146

Powered by Koha